000
00304nam a2200133Ia 4500
008
230917s9999||||xx |||||||||||||| ||und||
040
_e
107565
_a
MAIN
041
_a
English
082
_a
820.3
100
_a
Urmil
245
0
_a
Quest for self in Indian English fiction
300
_a
250 p.
942
_c
TH
999
_c
89396
_d
89396